Biblioteca

Propuestas para el uso y apropiación del espacio / Yonaira Laínez Parra, David Santiago Tamayo R., Elkin Ramiro Osorio V. (Registro nro. 43715)

Detalles MARC
000 -LÍDER
Campo fijo de descripción fija 004660000a22001210004500
082 04 - NÚMERO DE CLASIFICACIÓN DECIMAL DEWEY
Número de clasificación AV 0406
001 - NÚMERO DE CONTROL
Campo de control 14896
110 1# - ASIENTO PRINCIPAL--NOMBRE CORPORATIVO
Nombre corporativo o de jurisdicción como elemento de entrada Centro de Estudios del Hábitat Popular - CEHAP, Universidad Nacional de Colombia - Sede Medellín, Fundación FORHUM, Ecofondo
245 10 - TÍTULO
Título del Material Propuestas para el uso y apropiación del espacio / Yonaira Laínez Parra, David Santiago Tamayo R., Elkin Ramiro Osorio V.
300 ## - DESCRIPCIÓN FÍSICA
Extensión 38 Pág.
500 ## - NOTA GENERAL
Nota General Serie Pedagogía - CEHAP
942 ## - TIPO DE MATERIAL (KOHA)
Tipo de Item KOHA Libros General
Existencias
Estado de Material Estado de Perdido Estado de Dañado No para Préstamo Colección Tomo Biblioteca de Origen Biblioteca Permanente Fecha de Adquisición Total de Préstamos Signatura Topográfica Código de Barras Última vez visto Ejemplar/Existencia Fecha de Remplazo Tipo de Material
        Colección Folletos   Biblioteca FUSBC Biblioteca FUSBC 20/10/2008   AV 0406 16736 12/12/2019 1 26/01/2016 Documentos Archivo Vertical

Biblioteca FUSBC | Teléfono: (57+4) 349 88 10 Ext. 141| WhatsApp (+57) 3005338115 
E-mail: biblioteca@unisbc.edu.co | Calle 76 87-14 Robledo Palenque, Medellín, Colombia

Con tecnología Koha